Sportlerin des Jahres (Deutschland) - Statistiken

Allgemein
  • Dieses Quiz wurde 677 mal gespielt
    421 seit der letzten Aktualisierung
  • Das Durchschnittsergebnis liegt bei 16 aus 32
Antwortstatistiken
Jahr Athletin Sportart % Korrekt
2007 Magdalena Neuner Biathlon
87%
2011 Magdalena Neuner Biathlon
87%
2012 Magdalena Neuner Biathlon
87%
1999 Steffi Graf Tennis
82%
2016 Angelique Kerber Tennis
81%
2018 Angelique Kerber Tennis
81%
2019 Malaika Mihambo Weitsprung
76%
2020 Malaika Mihambo Weitsprung
76%
2021 Malaika Mihambo Weitsprung
76%
1993 Franziska van Almsick Schwimmen
68%
1995 Franziska van Almsick Schwimmen
68%
2002 Franziska van Almsick Schwimmen
68%
2017 Laura Dahlmeier Biathlon
65%
2014 Maria Höfl-Riesch Ski Alpin
64%
2010 Maria Riesch Ski Alpin
53%
2006 Kati Wilhelm Biathlon
50%
2000 Heike Drechsler Weitsprung
41%
1992 Heike Henkel Hochsprung
41%
2004 Birgit Fischer Kanurennsport
40%
2008 Britta Steffen Schwimmen
39%
2013 Christina Obergföll Speerwurf
36%
2005 Uschi Disl Biathlon
33%
1994 Katja Seizinger Ski Alpin
31%
1996 Katja Seizinger Ski Alpin
31%
1998 Katja Seizinger Ski Alpin
31%
2015 Christina Schwanitz Kugelstoßen
25%
1990 Katrin Krabbe Sprint
23%
1991 Katrin Krabbe Sprint
23%
2009 Steffi Nerius Speerwurf
22%
1997 Astrid Kumbernuss Kugelstoßen
19%
2001 Hannah Stockbauer Schwimmen
10%
2003 Hannah Stockbauer Schwimmen
10%
Keine übereinstimmenden Quizze gefunden
Verteilung der Resultate
Anzahl Personen mit jedem Resultat
Perzentil nach korrekt beantworteten Fragen
Ihre Resultats-Entwicklung
Sie haben dieses Quiz seit der letzten Aktualisierung nicht gespielt